| 000 | 00735nam a2200253Ia 4500 | ||
|---|---|---|---|
| 003 | OSt | ||
| 005 | 20220918164317.0 | ||
| 006 | a|||||r|||| 00| 0 | ||
| 007 | ta | ||
| 008 | 220917b |||||||| |||| 00| 0 eng d | ||
| 020 | _a0521425670 (pb) | ||
| 024 | _a230,758 | ||
| 037 | _cTextual | ||
| 040 |
_aARTS _cARTS _beng |
||
| 041 |
_2eng _aeng |
||
| 082 | _aO142v, 111N2 | ||
| 100 |
_aMoser Charles A. _918243 |
||
| 245 | 0 | _aCambridge history of Russian literature | |
| 260 |
_aNew York _bCambridge University Press USA _c1992 |
||
| 300 |
_ax, 709p.( Bibliographical references + index) _ccm. |
||
| 650 | _aENGLISH LITERATURE | ||
| 942 |
_hO142v, 111N2 _cTEXL _2CC |
||
| 999 |
_c124177 _d124177 |
||